000 00286nam a2200109Ia 4500
008 190912s9999||||xx |||||||||||||| ||und||
100 _aMatz, Usry
245 0 _a Problems Cases Manual Cost Accounting Planning and Control
260 _aUSA
_bPrentice
_c2003
300 _a640
942 _cBK
999 _c7708
_d7708